<?xml version="1.0" encoding="UTF-8"?>
<record
    xmlns:xsi="http://www.w3.org/2001/XMLSchema-instance"
    xsi:schemaLocation="http://www.loc.gov/MARC21/slim http://www.loc.gov/standards/marcxml/schema/MARC21slim.xsd"
    xmlns="http://www.loc.gov/MARC21/slim">

  <leader>00692nam a22002057a 4500</leader>
  <controlfield tag="001">86483</controlfield>
  <controlfield tag="003">BD-RjUL</controlfield>
  <controlfield tag="005">20260514145526.0</controlfield>
  <controlfield tag="008">260514s1931    pk ||||| |||| 00| 0 urd d</controlfield>
  <datafield tag="035" ind1=" " ind2=" ">
    <subfield code="a">(BD-RjUL)86483</subfield>
  </datafield>
  <datafield tag="040" ind1=" " ind2=" ">
    <subfield code="a">BD-RjUL</subfield>
    <subfield code="b">eng</subfield>
    <subfield code="c">BD-RjUL</subfield>
  </datafield>
  <datafield tag="041" ind1=" " ind2=" ">
    <subfield code="a">urd</subfield>
  </datafield>
  <datafield tag="082" ind1=" " ind2=" ">
    <subfield code="2">23</subfield>
    <subfield code="a">297.09</subfield>
    <subfield code="b">HAA 1931</subfield>
  </datafield>
  <datafield tag="100" ind1=" " ind2=" ">
    <subfield code="a"> &#x627;&#x644;&#x628;&#x635;&#x631;&#x6CC;&#x60C;  &#x627;&#x645;&#x627;&#x645; &#x627;&#x628;&#x648;&#x627;&#x644;&#x62D;&#x633;&#x646; &#x639;&#x644;&#x6CC; ;; Al-Basri, Imam Abul-Hasan Ali</subfield>
    <subfield code="9">18493</subfield>
  </datafield>
  <datafield tag="245" ind1="1" ind2="3">
    <subfield code="a">alhakam alsaltaniya ;; &#x627;&#x644;&#x627;&#x62D;&#x6A9;&#x627;&#x645; &#x627;&#x644;&#x633;&#x644;&#x637;&#x627;&#x646;&#x6CC;&#x6C1; /</subfield>
    <subfield code="c">&#x627;&#x645;&#x627;&#x645; &#x627;&#x628;&#x648;&#x627;&#x644;&#x62D;&#x633;&#x646; &#x639;&#x644;&#x6CC; &#x627;&#x644;&#x628;&#x635;&#x631;&#x6CC; ;; Imam Abul Hasan Ali Al-Basri</subfield>
  </datafield>
  <datafield tag="264" ind1=" " ind2=" ">
    <subfield code="a">Hydarabad :</subfield>
    <subfield code="b">matba usmaniah,</subfield>
    <subfield code="c">1931</subfield>
  </datafield>
  <datafield tag="300" ind1=" " ind2=" ">
    <subfield code="a">403 p. ;</subfield>
    <subfield code="c">23 cm</subfield>
  </datafield>
  <datafield tag="650" ind1=" " ind2=" ">
    <subfield code="a">history</subfield>
  </datafield>
  <datafield tag="942" ind1=" " ind2=" ">
    <subfield code="2">ddc</subfield>
    <subfield code="c">BK</subfield>
  </datafield>
  <datafield tag="999" ind1=" " ind2=" ">
    <subfield code="c">86483</subfield>
    <subfield code="d">86483</subfield>
  </datafield>
  <datafield tag="952" ind1=" " ind2=" ">
    <subfield code="0">0</subfield>
    <subfield code="1">0</subfield>
    <subfield code="2">ddc</subfield>
    <subfield code="4">0</subfield>
    <subfield code="7">1</subfield>
    <subfield code="8">NFIC</subfield>
    <subfield code="a">RUCL</subfield>
    <subfield code="b">RUCL</subfield>
    <subfield code="c">Reading</subfield>
    <subfield code="d">2026-05-14</subfield>
    <subfield code="l">0</subfield>
    <subfield code="o">U 297.09 BAA 1931</subfield>
    <subfield code="r">2026-05-14 14:52:39</subfield>
    <subfield code="t">C-1</subfield>
    <subfield code="w">2026-05-14</subfield>
    <subfield code="y">BK</subfield>
  </datafield>
</record>
